| 000 | 00512nam a2200193Ia 4500 | ||
|---|---|---|---|
| 003 | OSt | ||
| 005 | 20230609144641.0 | ||
| 008 | 210423s2003 xx 000 0 und d | ||
| 040 | _cAL | ||
| 082 |
_a361.7 FERD _223 |
||
| 100 |
_aFERNANDER (Gracy). _9123341 |
||
| 245 | _aDealing with child victims manual for social workers. | ||
| 260 |
_aMumbai _bUnicef _c2003 |
||
| 300 |
_a202 _bPB |
||
| 365 | _cINR | ||
| 440 | _v1 | ||
| 906 | _achild ; Dealing ; manual ; social ; victims ; workers. | ||
| 942 |
_2ddc _cBK |
||
| 999 |
_c174264 _d174264 |
||